M. Tvl. Ciceronis Orationvm Volvmen primum Accesserunt breues animaduersiones ex doctissimorum hominum commentariis, quibus ita lvci permulti explicantur, vt vulgo receptae lectionis vbique ratio habeatur. Quos autem in his simus auctores secuti, proxima pagella indicabit

Bibliographic Details
Main Author: Cicero, Marcus Tullius, 106 pred Kr.-43 pred Kr (Author)
Corporate Author: Gryphius, Antoine; excud. Tournes, Jean (Lyon, Francúzsko) (Printer)
Other Authors: Gryphius, Antoine, 1527-1599 (Printer), Tournes, Jean de II., 1539-1615 (Printer)
Format: Book
Language:Latin
PhysicalDescription:837 strán 13 cm
Published: Lvgdvni Apvd Ant. Gryphivm Excvdebat Ioannes Tornaesivs Typograph. Regivs M.D.LXXXII. [=1582]
Subjects:

MARC

LEADER 00000cam a2200000 a 4500
001 vtls008865842
003 SK-MaSNL
005 20260302051257.0
008 240318s1582 fr a lat
015 |a SNBHFA1582 
020 |q viazaná 
035 |a urn:nbn:sk:snk-am00ik64 
035 |a 007479D4-72DD-430E-9717-E5DD2EFC1D80 
040 |a SNKHFA  |b slo  |c SNKHFA  |e AACR2 
041 0 |a lat 
044 |a fr  |c FR 
072 7 |a 808  |x Literárny štýl. Literárna činnosť a technika. Efektívne využívanie jazyka. Spisovateľská činnosť  |2 konspekt 
080 |a 808.5  |2 2011 
100 1 |a Cicero, Marcus Tullius,  |d 106 pred Kr.-43 pred Kr  |4 aut  |9 53145 
245 1 0 |a M. Tvl. Ciceronis Orationvm Volvmen primum  |b Accesserunt breues animaduersiones ex doctissimorum hominum commentariis, quibus ita lvci permulti explicantur, vt vulgo receptae lectionis vbique ratio habeatur. Quos autem in his simus auctores secuti, proxima pagella indicabit 
260 |a Lvgdvni  |b Apvd Ant. Gryphivm Excvdebat Ioannes Tornaesivs Typograph. Regivs  |c M.D.LXXXII. [=1582] 
300 |a 837 strán  |c 13 cm 
500 |a Titulný list so signetom, ozdobná linka, ozdobné iniciálky s ornamentálnym pozadím na 4 riadky, kustody 
563 |a Väzba: renesančná s ornamentálnou a figurálnou slepotlačou.  |5 SNK IE 5047 
650 0 7 |a rétorika  |2 SNKPH  |9 989 
700 1 |a Gryphius, Antoine,  |d 1527-1599  |4 prt  |9 53977 
700 1 |a Tournes, Jean de  |b II.,  |d 1539-1615  |4 prt  |9 468044 
710 0 |a Gryphius, Antoine; excud. Tournes, Jean (Lyon, Francúzsko)  |4 prt  |9 706717 
752 |a Francúzsko  |d Lyon 
852 |a Slovenská národná knižnica  |b Historické fondy 
852 |a snk  |b Historické fondy  |p IE 5047/1 
958 |a ONDV 
999 |c 1100613  |d 1102543 
952 |t Tlače 16. stor.  |a SNK  |b SNK  |c SNK_HF  |y PREZ  |7 0  |p 17A1301919  |o snkIE 5047/1  |i snkF 501/73  |8 5  |0 0  |1 0  |4 0  |d 2018-11-20  |f 1  |l 0  |r 2026-02-24 17:28:47  |w 2026-02-24